00539nam a2200133Ia 4500008004100000100002200041245010000063260004400163300001800207650001900225856006900244999001900313952007300332160712s9999 xx 000 0 und d aIsorena, Efren B. cEfren B. IsorenaaTawid-Dagat : Pag-ugat sa Maritimong Nakaraan ng Pilipino, 67,000 t.n.-900 MK c2013bPhilippine Social Sciences Review avol. 65 no. 1 xSOCIAL SCIENCE uhttp://journals.upd.edu.ph/index.php/pssr/issue/view/421/showToc c297382d297382 001040aCLbCLd2016-07-12l0r2016-07-12 00:00:00w2016-07-12yFEJ